Normal view
MARC view
- الأزهري، خالد بن عبدالله 838-905 هجري؛ تحقيق وشرح وتهذيب خفاجي، محمد عبد المنعم، تحقيق وشرح وتهذيب محمد السعدي فرهود، تحقيق وشرح وتهذيب عبد العزيز شرف
Entry Personal Name
001 - CONTROL NUMBER
- control field: 39487
003 - CONTROL NUMBER IDENTIFIER
- control field: JO-AjAnu
005 - DATE AND TIME OF LATEST TRANSACTION
- control field: 20230606080551.0
008 - FIXED-LENGTH DATA ELEMENTS
- fixed length control field: 230606|| aca||aabn | a|a d
040 ## - CATALOGING SOURCE
- Original cataloging agency: JO-AjAnu
- Transcribing agency: JO-AjAnu
100 ## - HEADING--PERSONAL NAME
- Personal name: الأزهري، خالد بن عبدالله 838-905 هجري؛ تحقيق وشرح وتهذيب خفاجي، محمد عبد المنعم، تحقيق وشرح وتهذيب محمد السعدي فرهود، تحقيق وشرح وتهذيب عبد العزيز شرف
670 ## - SOURCE DATA FOUND
- Source citation: Work cat.: (JO-AjAnu)20249: الأزهري، خالد بن عبدالله 838-905 هجري؛ تحقيق وشرح وتهذيب خفاجي، محمد عبد المنعم، تحقيق وشرح وتهذيب محمد السعدي فرهود، تحقيق وشرح وتهذيب عبد العزيز شرف, author, الأزهرية في قواعد اللغة العربية